Modern school mathematics (Record no. 543681)

000 -LEADER
fixed length control field 00581nam a2200169Ia 4500
020 ## - INTERNATIONAL STANDARD BOOK NUMBER
International Standard Book Number (hb)
082 ## - DEWEY DECIMAL CLASSIFICATION NUMBER
Classification number 512.904
Author Mark DOL
-- L-1, P-32
100 ## - MAIN ENTRY--PERSONAL NAME
Personal name Dolciani, Mary P.
9 (RLIN) 39143
245 ## - TITLE STATEMENT
Title Modern school mathematics
Remainder of title Algebra 1
Statement of responsibility, etc. Marry P. Dolciani, William Wooton, Edwin F. Beckenbach, Ray C, Jurgensen, Alfred J. Donnelly,
260 ## - PUBLICATION, DISTRIBUTION, ETC.
Place of publication, distribution, etc. Boston
Name of publisher, distributor, etc. Houghton Mifflin Company
Date of publication, distribution, etc. 1970
300 ## - PHYSICAL DESCRIPTION
Extent 652p :ill.
526 ## - STUDY PROGRAM INFORMATION NOTE
Program name 0
Interest level 0
Reading level 0
Title point value 512_904000000000000_DOL
650 ## - SUBJECT ADDED ENTRY--TOPICAL TERM
Topical term or geographic name entry element Algebra -- Study and Teaching
9 (RLIN) 39144
650 ## - SUBJECT ADDED ENTRY--TOPICAL TERM
Topical term or geographic name entry element MCE
9 (RLIN) 379
700 ## - ADDED ENTRY--PERSONAL NAME
Personal name Dolciani- Mary P.
9 (RLIN) 39145
942 ## - ADDED ENTRY ELEMENTS (KOHA)
Source of classification or shelving scheme
Koha item type Book
Holdings
Withdrawn status Lost status Source of classification or shelving scheme Damaged status Not for loan Permanent Location Current Location Date acquired Total Checkouts Full call number Barcode Date last seen Price effective from Koha item type
          Military College of Engineering (MCE) Military College of Engineering (MCE) 03/28/2014   512.904 DOL MCE-15822 03/28/2014 03/28/2014 Book
© 2023 Central Library, National University of Sciences and Technology. All Rights Reserved.